1701 1730 1542 1594 1428 1164 1559 1969 1266 1197 1186 1294 1471 1450 1877 1779 1211 1968 1700 1473 1823 1649 1926 1114 1480 1411 1327 1749 1232 1630 1740 1686 1918 1705 1214 1746 1816 1420 1012 1934 1847 1160 1049 1973 1107 1390 1010 1799 1730 1547 1682 1982 1688 1239 1936 1193 1518 1956 1262 1849 1529 1216 1315 1468 1518 1989 1307 1697 1371 1695 1109 1087 1241 1194 1971 1874 1282 1039 1104 1642 1523 1823 1600 1824 1456 1276 1406 1192 1408 1152 1430 1879 1115 1310 1426 1843 1583 1779 1185 BCNSPRNW ULIB Ver.6.0+V

เปลี่ยนเป็นภาษาไทย

Change to English
 แสดงรายละเอียดบรรณานุกรม
  กลับหน้าหลัก

Brief Record : Get Marc (ISO 2709) : E-mail record : QR code < ปิดหน้าต่าง
LEADER : 00000nam 2200000uu 4500
001    13399110956
003     ULIB
008    110614s2548||||th 000 0 tha d
020    9743227466
020    9789743227462
050  4 AC159^bพ253ค 2548
100 0  พรทิพย์ โรจนสุนันท์,^cคุณหญิง,^d2497-
245 10 คิดทางขวาง /^cพ.ญ. คุณหญิงพรทิพย์ โรจนสุนันท์
250    พิมพ์ครั้งที่ 5
260    กรุงเทพฯ :^bมติชน,^c2548
300    216 หน้า :^bภาพประกอบ ;^c21 ซม.
650  7 รวมเรื่อง
945    ^p158^l0^i018984
945    ^p158^l0^i017330
945    ^p158^l0^i017329
995    ทศพร
999 ^a ใช้งานได้ทุกระบบ
รายการนี้ยังไม่มีแท็ก
คุณยังไม่ได้ล็อกอิน คุณสามารถมีกิจกรรมร่วมกับเว็บไซต์ได้ แต่ต้องล็อกอินก่อน ::
  ล็อกอิน

รายการสื่อสารสนเทศ

ลำดับที่ ประเภท เลขเรียก/บาร์โค้ด สถานที่ สถานะ
- ไม่พบข้อมูล -

รายการใกล้เคียง
    หัวเรื่อง [รวมเรื่อง]

BibComment


ยังไม่เคยถูกคอมเมนท์

คอมเมนท์ทรัพยากรรายการนี้
  คอมเมนท์: คิดทางขวาง พญ คุ..


 Copyright 2026. Bcnsprnw @Library